| 000 -LEADER |
| fixed length control field |
00734cam a2200229Ia 4500 |
| 020 ## - INTERNATIONAL STANDARD BOOK NUMBER |
| ISBN |
9789054500001 |
| 020 ## - INTERNATIONAL STANDARD BOOK NUMBER |
| ISBN |
905450000X |
| 040 ## - CATALOGING SOURCE |
| Transcribing agency |
CUS |
| 082 ## - DEWEY DECIMAL CLASSIFICATION NUMBER |
| Classification number |
730 ZWA 2011 C140 Or. |
| 100 1# - MAIN ENTRY--AUTHOR NAME |
| Personal name |
Hoogerbrugge, Jac. |
| 245 10 - TITLE STATEMENT |
| Title |
Asmat : |
| Remainder of title |
arts, crafts and people : a photographic diary, 1969-1974 / |
| 260 ## - PUBLICATION, DISTRIBUTION, ETC. (IMPRINT) |
| Place of publication |
Leiden : |
| Name of publisher |
C. Zwartenkot Art Books, |
| Year of publication |
2011. |
| 300 ## - PHYSICAL DESCRIPTION |
| Number of Pages |
333 p. : |
| Other physical details |
ill. (some col.), maps (some col.) ; |
| Dimensions |
29 cm. |
| 500 ## - GENERAL NOTE |
| General note |
"All drawings in the present publication by Jac Hoogerbrugge, 1969-1974"--T.p. verso. |
| 650 #0 - SUBJECT ADDED ENTRY--TOPICAL TERM |
| Topical Term |
Asmat (Indonesian people) |
| 650 #0 - SUBJECT ADDED ENTRY--TOPICAL TERM |
| Topical Term |
Wood-carving, Asmat |
| 650 #0 - SUBJECT ADDED ENTRY--TOPICAL TERM |
| Topical Term |
Art, Asmat |
| 650 #0 - SUBJECT ADDED ENTRY--TOPICAL TERM |
| Topical Term |
Folk art |
| 700 1# - ADDED ENTRY--PERSONAL NAME |
| Personal name |
Corbey, Raymond, |
| 700 1# - ADDED ENTRY--PERSONAL NAME |
| Personal name |
Stanley, Nick. |
| 942 ## - ADDED ENTRY ELEMENTS (KOHA) |
| Koha item type |
សៀវភៅភាសាអង់គ្លេស |
| 952 ## - LOCATION AND ITEM INFORMATION (KOHA) |
| Withdrawn status [LOCAL, KOHA] |
0 |